| 000 | 00524nam a2200145 a 4500 | ||
|---|---|---|---|
| 001 | 000040526 | ||
| 005 | 20241205130409.0 | ||
| 008 | 130830s1988 dr 000 0 spa d | ||
| 040 |
_aDO-SdBNP _bspa _cBNPHU |
||
| 082 |
_axxxx _bxxx |
||
| 110 | 1 |
_aRepública Dominicana. _bDirección General de Promoción de la Mujer _966824 |
|
| 245 | 1 | 0 | _aInforme general del seminario la participación de la mujer en la politica. |
| 260 |
_aSanto Domingo : _bDirección General de Promoción de la Mujer, _c1988. |
||
| 300 |
_a60 p. ; _c21 cm. |
||
| 999 |
_c40016 _d40016 |
||